La societas europaea (Registro nro. 158797)

Detalles MARC
000 -LEADER
fixed length control field 01187ny a22002533n 4500
008 - FIXED-LENGTH DATA ELEMENTS--GENERAL INFORMATION
fixed length control field 050823s2004 ag s 001 0 spa d
020 ## - INTERNATIONAL STANDARD BOOK NUMBER
International Standard Book Number 950-536-156-1
035 ## -
-- 2343
040 ## - CATALOGING SOURCE
Original cataloging agency UMA.RE
Modifying agency vLex
040 ## - CATALOGING SOURCE
Original cataloging agency USPCEU-CDE
Modifying agency vLex
080 ## -
-- 347.725(4-672 U.E.)
090 ## -
-- 265
-- 265
100 1# - MAIN ENTRY--PERSONAL NAME
Personal name Duprat, Diego Arturo
245 13 - TITLE STATEMENT
Title La societas europaea
Medium [Recurso electrónico]
Remainder of title origen y desarrollo del estatuto de la sociedad anónima europea /
Statement of responsibility, etc Diego Arturo Duprat
256 ## -
-- Servicio en línea
260 ## - PUBLICATION, DISTRIBUTION, ETC. (IMPRINT)
Place of publication, distribution, etc La Plata (Argentina) :
Name of publisher, distributor, etc Editora Platense,
Date of publication, distribution, etc 2004
506 1# - RESTRICTIONS ON ACCESS NOTE
Terms governing access Contenido solo disponible en los productos indicados
Authorized users vLex Global
-- vLex Global (Academic Edition, excluding Law Schools)
-- vLex Global (U.S. Academic Edition, Law Schools)
-- vLex Global (U.S. Academic Edition, excluding Law Schools)
-- vLex Global (Academic Edition, Law Schools)
650 04 - SUBJECT ADDED ENTRY--TOPICAL TERM
Topical term or geographic name as entry element Derecho mercantil
Geographic subdivision Países de la Unión Europea
650 04 - SUBJECT ADDED ENTRY--TOPICAL TERM
Topical term or geographic name as entry element Sociedades
General subdivision Derecho
Geographic subdivision Países de la Unión Europea
740 0# -
-- vLex Libros (Servicios en línea)
856 40 - LOCALIZACIÓN Y ACCESO ELECTRÓNICO
Identificador Uniforme del Recurso (URI/URL) https://app.vlex.com/#/sources/societas-europ-a-origen-desarrollo-estatuto-2343
942 ## -
-- RAA
999 ## -
-- 158797
-- 158797

No hay ítems disponibles.


CONTACTO


NOSOTROS


SITIOS DE INTERES

coordinacion.biblioteca.biblioteca@unienlinea.mx Misión, Visión y Objetivos Bases de datos
Directorio Bibliotecas Digitales y Repositorios
Normatividad Revistas y artículos
Convenios interbibliotecarios
Boletines



Hecho en México. Universidad Insurgentes (UIN). Todos los derechos reservados 2024. Esta página y sus contenidos pueden ser reproducidos con fines no lucrativos, siempre y cuando no se mutile, se cite la fuente completa y su dirección electrónicas. De otra forma requiere permiso previo por escrito de la institución




2024 Copyright Universidad Insurgentes | www.bibliouin.com.mx